000 00375nam a22001697a 4500
999 _c8832
_d8832
003 OSt
008 200711b ||||| |||| 00| 0 eng d
020 _a9789386943071.
082 _a574
100 _aSachdeva , Monika
245 _aRemedial Biology
250 _a2018
260 _aNew Delhi
_bNirali
300 _aB.1
650 _aBiology and EVS
942 _2ddc
_cBK
_08